Valparaíso en 1827: con un apéndice sobre la época
Guardado en:
| Autor principal: | |
|---|---|
| Formato: | Libro |
| Lenguaje: | español |
| Publicado: |
Valparaíso
Imprenta Victoria
1927
|
| Edición: | 1a. ed |
| Materias: | |
| Etiquetas: |
Agregar Etiqueta
Sin Etiquetas, Sea el primero en etiquetar este registro!
|
MARC
| LEADER | 00000cam a2200000 a 4500 | ||
|---|---|---|---|
| 001 | UCV9047 | ||
| 003 | CL-VaPUC | ||
| 008 | 920427e19270901CL |||||||||||||||||spa|d | ||
| 082 | 0 | 4 | |a 983.255 |b HER |2 21 |
| 100 | |a Hernández Cornejo, Roberto |e autor |9 596271 | ||
| 245 | 1 | 0 | |a Valparaíso en 1827: con un apéndice sobre la época |
| 250 | |a 1a. ed | ||
| 300 | |a 430 p | ||
| 942 | |c BK | ||
| 945 | |d 19920427 00:00:00 | ||
| 260 | |a Valparaíso |b Imprenta Victoria |c 1927 | ||
| 500 | |a Incluye una reseña histórica local, con motivo del centenario de El Mercurio | ||
| 650 | 0 | |a Viajeros |9 267525 | |
| 650 | 0 | |a Historia urbana |9 265140 | |
| 650 | 0 | |a Desarrollo cultural |9 267526 | |
| 650 | 0 | |a Ciudades |9 265474 | |
| 650 | 0 | |a Administración pública |9 255343 | |
| 650 | 7 | |a TERREMOTO DE 1822 |2 CL-VaPUC |9 267527 | |
| 651 | 0 | |a Región 05 |9 267528 | |
| 651 | 0 | |a Valparaíso, Chile |9 261144 | |
| 583 | |a last modification |c 20171219 12:56:22 |k Rodrigo Vera | ||
| 999 | |c 214444 |d 214442 | ||
| 952 | |0 0 |1 0 |4 0 |6 983_255000000000000_HER_1927 |7 0 |8 R |9 197800 |a BIBARQ |b BIBARQ |d 2019-11-14 |i 2654520 |l 1 |o 983.255 HER 1927 |p 2654520 |r 2025-01-20 |s 2022-11-15 |w 2019-11-14 |y BK_R |k ARQ | ||
| 952 | |0 0 |1 0 |4 0 |6 983_255000000000000_HER_1927 |7 0 |8 X |9 197801 |a BIBHIS |b BIBHIS |d 2019-11-14 |i 1257447 |o 983.255 HER 1927 |p 1257447 |r 2024-01-30 |w 2019-11-14 |y BK_X |k HIS | ||
| 952 | |0 0 |1 0 |4 0 |6 983_255000000000000_HER_1927 |7 0 |8 X |9 197802 |a FDOBUD |b FDOBUD |d 2019-11-14 |i 1009915 |o 983.255 HER 1927 |p 1009915 |r 2019-11-14 |w 2019-11-14 |y BK_X |k BUD | ||
| 952 | |0 0 |1 0 |3 erd |4 0 |6 983_255000000000000_HER_1927 |7 0 |8 X |9 197803 |a FDOBUD |b FDOBUD |i 544490K |o 983.255 HER 1927 |p 544490K |r 2019-11-14 |w 2019-11-14 |y BK_X |z Catalogado en:20171230 |k BUD | ||